[Event "Tournoi Skype 028A"]
[Site "Skype"]
[Date "????.??.??"]
[Round "3.16"]
[White "Vilas Boas, Crisolon Terto"]
[Black "Legueltel, Daniel"]
[Result "1/2-1/2"]
[WhiteElo "1488"]
[BlackElo "1753"]
[PlyCount "60"]

1. d4 Nf6 2. c4 d5 3. Nc3 e6 4. a3 Be7 5. Nf3 O-O 6. b4 Nbd7 7. c5 c6 8. Bf4
Ne4 9. Nxe4 dxe4 10. Nd2 f5 11. e3 Nf6 12. Nc4 Nd5 13. Be5 Bf6 14. Be2 Bxe5 15.
Nxe5 Bd7 16. O-O Be8 17. f3 Nxe3 18. Qb3 Nd5 19. fxe4 fxe4 20. Rxf8+ Kxf8 21.
Qh3 Nf6 22. Rd1 a5 23. Bc4 axb4 24. axb4 Qe7 25. Bxe6 Ra4 26. Rb1 b6 27. Qb3 b5
28. Qh3 Qa7 29. Rb2 Ra1+ 30. Kf2 Qa3 1/2-1/2

[Event "Tournoi Skype 028A"]
[Site "Skype"]
[Date "????.??.??"]
[Round "3.17"]
[White "Rosales, Jhon Mike"]
[Black "Gadow, Martin"]
[Result "1-0"]
[WhiteElo "1690"]
[BlackElo "1521"]
[PlyCount "59"]

1. d4 Nf6 2. Nf3 d5 3. Bg5 e6 4. c4 Be7 5. Nc3 O-O 6. e3 Nbd7 7. Rc1 h6 8. Bf4
c6 9. c5 Qa5 10. Bd3 b5 11. O-O b4 12. Ne2 Qd8 13. h3 a5 14. Re1 Nh5 15. Bh2 f5
16. Nf4 Nxf4 17. Bxf4 Ba6 18. Bb1 Qe8 19. Ne5 Nxe5 20. Bxe5 Bf6 21. Bd6 Be7 22.
Bh2 Rf6 23. g4 Bc8 24. Be5 Rf8 25. Qf3 Qf7 26. Re2 Ba6 27. Rd2 fxg4 28. Qxg4
Ra7 29. Bg6 Qf3 30. Bh7+ 1-0

[Event "Tournoi Skype 028A"]
[Site "Skype"]
[Date "????.??.??"]
[Round "3.18"]
[White "Violette, Didier"]
[Black "Knafo, Michel"]
[Result "1/2-1/2"]
[WhiteElo "1520"]
[BlackElo "1658"]
[PlyCount "59"]

1. e4 d5 2. exd5 Nf6 3. d4 Qxd5 4. c4 Qe4+ 5. Be3 Ng4 6. Nc3 Nxe3 7. Nxe4 Nxd1
8. Rxd1 e6 9. c5 Be7 10. Nf3 O-O 11. Bd3 Nd7 12. O-O Nf6 13. b4 Bd7 14. Ne5 Be8
15. f3 Rd8 16. Bc2 Nxe4 17. fxe4 Bf6 18. Nf3 g6 19. e5 Bg7 20. Ng5 Bc6 21. Be4
Bxe4 22. Nxe4 Rfe8 23. Nf6+ Bxf6 24. exf6 e5 25. Rf4 exd4 26. Re4 Rd7 27. Re7
Red8 28. Rxd7 Rxd7 29. Kf2 d3 30. Ke3 1/2-1/2

[Event "Tournoi Skype 028A"]
[Site "Skype"]
[Date "????.??.??"]
[Round "3.19"]
[White "Lovell, Stan"]
[Black "Garcia Diaz, Jose"]
[Result "1/2-1/2"]
[WhiteElo "1651"]
[BlackElo "1513"]
[PlyCount "58"]

1. d4 Nf6 2. Nf3 d5 3. Bf4 Bf5 4. e3 e6 5. Bd3 Bxd3 6. Qxd3 Nbd7 7. O-O Bd6 8.
Ne5 Nh5 9. Nd2 Nxf4 10. exf4 O-O 11. Ndf3 f6 12. Nxd7 Qxd7 13. g3 c5 14. dxc5
Bxc5 15. c3 Qc6 16. Rad1 Rad8 17. Qe2 Rfe8 18. Nd4 Qb6 19. Nb3 Bd6 20. Qf3 Bc7
21. Rfe1 Qc6 22. Nd4 Qa6 23. a3 e5 24. fxe5 fxe5 25. Nc2 e4 26. Qe2 Qxe2 27.
Rxe2 Bb6 28. Red2 Rf8 29. Nd4 Rf6 1/2-1/2

[Event "Tournoi Skype 028A"]
[Site "Skype"]
[Date "????.??.??"]
[Round "3.20"]
[White "Dal, Ibrahim"]
[Black "Zenini, Simone"]
[Result "1-0"]
[WhiteElo "1626"]
[BlackElo "1489"]
[PlyCount "57"]

1. d4 d5 2. c4 e6 3. Nc3 Nf6 4. Bg5 Be7 5. e3 O-O 6. Nf3 b6 7. cxd5 exd5 8. Bd3
Bb7 9. O-O h6 10. Bh4 Nbd7 11. Rc1 Rc8 12. Bf5 c5 13. Ne5 Ra8 14. Nxd7 Nxd7 15.
Bxe7 Qxe7 16. dxc5 Nxc5 17. Nxd5 Qe5 18. b4 Na6 19. e4 Bxd5 20. Qxd5 Qxd5 21.
exd5 Nxb4 22. d6 Nxa2 23. Rc7 a5 24. d7 Nb4 25. Rfc1 Nd5 26. Rc8 Ne7 27. Rxa8
Rxa8 28. Rc8+ Nxc8 29. d8=Q# 1-0

[Event "Tournoi Skype 028A"]
[Site "Skype"]
[Date "????.??.??"]
[Round "3.21"]
[White "Mulrooney, Justin"]
[Black "Karia, Vijay"]
[Result "0-1"]
[WhiteElo "1626"]
[BlackElo "1482"]
[PlyCount "50"]

1. e4 d5 2. exd5 Qxd5 3. d4 e5 4. Be3 Nc6 5. c4 Qa5+ 6. Nc3 Bb4 7. Qd3 Bf5 8.
Qd2 exd4 9. Bxd4 O-O-O 10. Nf3 Nxd4 11. Nxd4 Qe5+ 12. Be2 Rxd4 13. Qg5 Bxc3+
14. bxc3 Rxc4 15. O-O Rxc3 16. Rad1 Nh6 17. Bf3 Qf6 18. Qf4 c6 19. Rd6 Be6 20.
Qb4 Nf5 21. Rd2 Nh4 22. Bg4 h5 23. Bxe6+ fxe6 24. Rb1 b5 25. Qd6 Rd8 0-1

[Event "Tournoi Skype 028A"]
[Site "Skype"]
[Date "????.??.??"]
[Round "3.22"]
[White "Gharbi, Said"]
[Black "Calderon, Francisco"]
[Result "0-1"]
[WhiteElo "1456"]
[BlackElo "1604"]
[PlyCount "68"]

1. e4 e5 2. Nf3 Nf6 3. Nxe5 Qe7 4. d4 d6 5. Nf3 Qxe4+ 6. Be2 Bg4 7. Be3 Nc6 8.
Nc3 Qg6 9. O-O a6 10. Nh4 Qh5 11. Nf3 d5 12. h3 Be6 13. Ne5 Qh4 14. Bf3 Bd6 15.
Bf4 Qxf4 16. g3 Qh6 17. Bg2 Ne7 18. Re1 O-O 19. Ne2 Bxh3 20. Nf4 Bxg2 21. Kxg2
Rfe8 22. Qd2 Ne4 23. Qe3 Nf5 24. Qc1 g5 25. Ng4 Qg7 26. Nxd5 Re6 27. Rxe4 Rxe4
28. Ndf6+ Kh8 29. Nxe4 h5 30. Nxd6 cxd6 31. Ne3 Nxd4 32. Nd5 Qe5 33. Ne3 Qe4+
34. Kf1 Qh1# 0-1

[Event "Tournoi Skype 028A"]
[Site "Skype"]
[Date "????.??.??"]
[Round "3.23"]
[White "Couto, Januario"]
[Black "Serrano Serrano, Samuel"]
[Result "1-0"]
[WhiteElo "1387"]
[BlackElo "1600"]
[PlyCount "51"]

1. e4 d5 2. exd5 Qxd5 3. Nc3 Qa5 4. d4 Nf6 5. Bd2 c6 6. Bc4 Qd8 7. Nf3 Bg4 8.
Be3 e6 9. O-O Bd6 10. h3 Bh5 11. Be2 Qc7 12. Re1 Nbd7 13. Ng5 Bxe2 14. Qxe2 h6
15. Nge4 Bb4 16. Bd2 O-O 17. Nxf6+ Nxf6 18. Ne4 Nd5 19. c3 Be7 20. Qf3 Rfe8 21.
c4 Nf6 22. Nxf6+ Bxf6 23. Re4 Kh8 24. Bxh6 Rg8 25. Bf4 Qb6 26. Qh5# 1-0

[Event "Tournoi Skype 028A"]
[Site "Skype"]
[Date "????.??.??"]
[Round "3.24"]
[White "Meza, Rafael"]
[Black "Thoune, Jim"]
[Result "1-0"]
[WhiteElo "1251"]
[BlackElo "1598"]
[PlyCount "51"]

1. c4 c5 2. Nf3 Nc6 3. Nc3 d6 4. e3 Nf6 5. Be2 Bf5 6. d3 e6 7. Nh4 Bg6 8. O-O
Be7 9. Bf3 Qd7 10. Bxc6 Qxc6 11. Nxg6 hxg6 12. Re1 d5 13. cxd5 exd5 14. e4 Kf8
15. exd5 Qd6 16. Qb3 Qxh2+ 17. Kf1 Re8 18. Qxb7 Qh1+ 19. Ke2 Bd6+ 20. Be3 Qh5+
21. Kd2 Rb8 22. Qxa7 Rxb2+ 23. Kc1 Rb8 24. Bxc5 Bxc5 25. Qxb8+ Ne8 26. Qxe8#
1-0

[Event "Tournoi Skype 028A"]
[Site "Skype"]
[Date "????.??.??"]
[Round "3.26"]
[White "Silvestre Da Silva, Sidnei"]
[Black "L'Herbon De Lussats, Jean"]
[Result "1-0"]
[WhiteElo "1566"]
[BlackElo "1272"]
[PlyCount "75"]

1. d4 Nf6 2. Bf4 b6 3. e3 Bb7 4. Nf3 e6 5. Bd3 Bd6 6. Bg3 O-O 7. c3 Ne4 8. Qc2
f5 9. Bxe4 Bxe4 10. Qe2 a5 11. Nbd2 Bb7 12. Bxd6 cxd6 13. O-O d5 14. Rac1 Nc6
15. Rfe1 a4 16. b3 axb3 17. axb3 Qf6 18. c4 Ba6 19. Qd1 Nb4 20. Nf1 dxc4 21.
bxc4 d5 22. Qb3 Qf7 23. Qxb4 Qb7 24. cxd5 exd5 25. Rc3 Bc4 26. Ne5 b5 27. Nxc4
dxc4 28. Rxc4 Ra4 29. Qb3 Rxc4 30. Nd2 Rfc8 31. Rc1 Qa6 32. Nxc4 bxc4 33. Qc3
Kf7 34. d5 g6 35. Qe5 Rc5 36. Ra1 Qb5 37. Ra7+ Kf8 38. Qh8# 1-0

[Event "Tournoi Skype 028A"]
[Site "Skype"]
[Date "????.??.??"]
[Round "3.27"]
[White "Sharma, Akash"]
[Black "Khetre, Gaurav"]
[Result "1-0"]
[WhiteElo "1181"]
[BlackElo "1540"]
[PlyCount "79"]

1. e4 e6 2. d4 d5 3. Nc3 Nf6 4. Bg5 Be7 5. Bxf6 Bxf6 6. e5 Be7 7. Qg4 g6 8. h4
h5 9. Qg3 c5 10. dxc5 Bxc5 11. O-O-O Bd7 12. Bd3 Qb6 13. Nh3 Nc6 14. Bxg6 Rg8
15. Bxf7+ Kxf7 16. Ng5+ Ke7 17. Qf3 Raf8 18. Qxh5 Nxe5 19. Qe2 Nc4 20. Nxd5+
Ke8 21. Nxb6 Nxb6 22. Nxe6 Rxf2 23. Nc7+ Kd8 24. Qe5 Na4 25. Rxd7+ Kxd7 26.
Rd1+ Kc6 27. Ne6 Rgxg2 28. Qc7+ Kb5 29. Qxb7+ Bb6 30. Rd5+ Nc5 31. Qd7+ Ka6 32.
Nxc5+ Bxc5 33. Qc8+ Kb6 34. Qe6+ Kb5 35. a4+ Kxa4 36. Qc6+ Kb4 37. c3+ Kb3 38.
Qb5+ Bb4 39. Qxb4+ Ka2 40. Qa4# 1-0

[Event "Tournoi Skype 028A"]
[Site "Skype"]
[Date "????.??.??"]
[Round "3.28"]
[White "Casey, Eamonn"]
[Black "Khunte, Aniruddha"]
[Result "1/2-1/2"]
[WhiteElo "1538"]
[BlackElo "1174"]
[PlyCount "66"]

1. d4 Nf6 2. c4 g6 3. Nc3 Bg7 4. e4 d6 5. Be2 O-O 6. Be3 e5 7. d5 Nbd7 8. Nf3
a5 9. a4 b6 10. O-O Nh5 11. Qd2 f5 12. Bh6 Nc5 13. Bxg7 Nxg7 14. Qh6 Ne8 15.
Ng5 Nf6 16. exf5 gxf5 17. Rae1 Qe7 18. f3 f4 19. Nce4 Ncxe4 20. fxe4 Bg4 21.
Bxg4 Nxg4 22. Qe6+ Qxe6 23. Nxe6 Ne3 24. Rf3 Rf6 25. b3 c5 26. Re2 Rg6 27. Ref2
Kh8 28. Kh1 Rag8 29. g3 fxg3 30. hxg3 Rxg3 31. Rxg3 Rxg3 32. Rf8+ Rg8 33. Rf7
Rb8 1/2-1/2

[Event "Tournoi Skype 028A"]
[Site "Skype"]
[Date "????.??.??"]
[Round "3.30"]
[White "Saponara, Jose Maria"]
[Black "Zequeda, Javier"]
[Result "1-0"]
[WhiteElo "1524"]
[BlackElo "1183"]
[PlyCount "101"]

1. e4 g6 2. d4 d6 3. Nf3 Bg7 4. Bc4 e6 5. Nc3 Nf6 6. Bg5 O-O 7. Qd2 Nbd7 8. e5
dxe5 9. dxe5 Nb6 10. Bd3 c5 11. exf6 Bxf6 12. Bxf6 Qxf6 13. O-O-O Bd7 14. h4
Rad8 15. Qh6 Bc6 16. Be4 Bxe4 17. Nxe4 Qh8 18. h5 Nc4 19. c3 Rxd1+ 20. Rxd1 f5
21. Nxc5 Qf6 22. hxg6 Qxg6 23. Qxg6+ hxg6 24. Nxe6 Re8 25. Rd8 Rxd8 26. Nxd8 b6
27. Nc6 a6 28. Nfe5 Nd6 29. Nxg6 Kg7 30. Nge5 Kh6 31. Kc2 Kg5 32. Kd3 Ne4 33.
f3 Nf2+ 34. Ke2 Nh1 35. Ke3 f4+ 36. Kd4 Nf2 37. Nd3 Nd1 38. Ne7 Ne3 39. Ne1 Nd1
40. b4 b5 41. Nd5 Nb2 42. Nc7 Kf5 43. Nxa6 Nc4 44. Nc7 Nd6 45. Nd3 Kg5 46. Kd5
Nf5 47. Nxb5 Ne3+ 48. Ke4 Nxg2 49. a4 Ne3 50. Nxf4 Nc2 51. a5 1-0

[Event "Tournoi Skype 028A"]
[Site "Skype"]
[Date "????.??.??"]
[Round "3.32"]
[White "Engstrom, Olle"]
[Black "Teles, Jeferson Lisboa"]
[Result "0-1"]
[WhiteElo "1463"]
[BlackElo "1599"]
[PlyCount "34"]

1. e4 e5 2. Nf3 Nc6 3. Bc4 Nf6 4. d4 exd4 5. O-O Be7 6. e5 Ng4 7. Re1 O-O 8. h3
d5 9. Bb5 Ngxe5 10. Nxe5 Nxe5 11. Rxe5 Bd6 12. Rh5 c6 13. Bd3 g6 14. Rh6 Re8
15. Rxh7 Kxh7 16. Qh5+ Kg8 17. Bxg6 Re1# 0-1

[Event "Tournoi Skype 028A"]
[Site "Skype"]
[Date "????.??.??"]
[Round "3.33"]
[White "Vasquez, Oscar"]
[Black "Perrone, Gabriel Lorenzo"]
[Result "1-0"]
[WhiteElo "1585"]
[BlackElo "1377"]
[PlyCount "121"]

1. c4 c5 2. Nc3 b6 3. Nf3 Bb7 4. g3 g6 5. Bg2 Bg7 6. Qc2 e6 7. O-O Ne7 8. e4
O-O 9. Re1 Na6 10. a3 Nc7 11. d3 d5 12. exd5 exd5 13. Ng5 h6 14. Nh3 Rb8 15.
Nf4 dxc4 16. dxc4 Bxg2 17. Kxg2 a6 18. Be3 Re8 19. Rad1 Qc8 20. Kg1 Qf5 21. Qd2
Qc8 22. Ne4 Nf5 23. Nc3 Nxe3 24. Rxe3 Rxe3 25. Qxe3 Qe8 26. Re1 Bd4 27. Qc1 Qd7
28. Qc2 Re8 29. Re2 Rxe2 30. Qxe2 Qe8 31. Kf1 Qxe2+ 32. Nfxe2 Ne6 33. Kg2 Bg7
34. b4 Nd4 35. bxc5 Nxe2 36. Nxe2 bxc5 37. a4 a5 38. f3 f5 39. Nf4 Kf7 40. Kf2
Bd4+ 41. Ke2 Kf6 42. Nd3 g5 43. h3 h5 44. Nc1 Be5 45. Nb3 Bxg3 46. Nxa5 Ke5 47.
Nb3 Bf4 48. Nxc5 Kd4 49. Ne6+ Kxc4 50. Nxf4 gxf4 51. a5 Kb5 52. a6 Kxa6 53. Kd3
Kb5 54. Kd4 Kc6 55. Ke5 Kd7 56. Kxf5 Ke7 57. Kxf4 Kf6 58. h4 Kg6 59. Ke5 Kf7
60. Kf5 Kg7 61. Kg5 1-0

[Event "Tournoi Skype 028A"]
[Site "Skype"]
[Date "????.??.??"]
[Round "3.34"]
[White "Grib, Johannes"]
[Black "Aceituno, Stebe"]
[Result "1-0"]
[WhiteElo "1542"]
[BlackElo "1400"]
[PlyCount "70"]

1. e4 c5 2. Nf3 Nc6 3. Bc4 e6 4. O-O d6 5. c3 Nf6 6. d4 cxd4 7. cxd4 Be7 8. d5
Ne5 9. Nxe5 dxe5 10. Bb5+ Bd7 11. Bxd7+ Qxd7 12. dxe6 Qxe6 13. Qa4+ Qd7 14. Qc2
O-O 15. Nd2 Rac8 16. Qb3 Qc6 17. Re1 a6 18. Qf3 b5 19. a3 Qc2 20. Nb3 Rc4 21.
Bg5 h6 22. Re2 Qxe2 23. Qxe2 hxg5 24. f3 Rfc8 25. g4 Rc2 26. Qd3 Rxb2 27. Rc1
Rxc1+ 28. Nxc1 Bc5+ 29. Kh1 Rf2 30. Qd8+ Kh7 31. Nd3 Rf1+ 32. Kg2 Rg1+ 33. Kh3
Bd4 34. Qc8 Rd1 35. Nb4 Rc1 1-0

[Event "Tournoi Skype 028A"]
[Site "Skype"]
[Date "????.??.??"]
[Round "3.35"]
[White "Davis, Michael"]
[Black "Mantelli, Luca"]
[Result "1/2-1/2"]
[WhiteElo "1530"]
[BlackElo "1370"]
[PlyCount "36"]

1. e4 e5 2. d4 exd4 3. c3 dxc3 4. Nxc3 Nc6 5. Bc4 Nf6 6. Nf3 Bc5 7. Bg5 d6 8.
O-O h6 9. Bh4 Be6 10. Bd5 O-O 11. Qb3 Bc8 12. Rad1 g5 13. Nxg5 hxg5 14. Bxg5
Kg7 15. Ne2 Ne7 16. Bxf6+ Kxf6 17. Qf3+ Kg7 18. Nf4 Ng6 1/2-1/2

[Event "Tournoi Skype 028A"]
[Site "Skype"]
[Date "????.??.??"]
[Round "3.36"]
[White "Galani, Mahendra"]
[Black "Sauvaget, Joel"]
[Result "1/2-1/2"]
[WhiteElo "1526"]
[BlackElo "1290"]
[PlyCount "77"]

1. e4 e5 2. Ne2 Nf6 3. Nbc3 d6 4. Ng3 a6 5. Bc4 Be7 6. Nd5 Nxd5 7. Bxd5 O-O 8.
c3 Nd7 9. Qb3 Nf6 10. Bc4 b5 11. Be2 c5 12. c4 b4 13. a3 a5 14. axb4 cxb4 15.
d3 Be6 16. O-O Qc7 17. Bd2 Rfb8 18. Be1 Qc5 19. Bd2 Ng4 20. Be1 Bg5 21. h3 Nh6
22. Kh2 Bf4 23. f3 Qe3 24. Qd1 Qb6 25. Bf2 Qd8 26. Kg1 Qg5 27. Nh1 Bxh3 28. g3
Bxf1 29. Qxf1 Qg6 30. b3 f5 31. exf5 Nxf5 32. Qg2 Bh6 33. g4 Ne7 34. Rd1 Bf4
35. d4 a4 36. dxe5 dxe5 37. Qh3 a3 38. Bd3 a2 39. Bxg6 1/2-1/2

[Event "Tournoi Skype 028A"]
[Site "Skype"]
[Date "????.??.??"]
[Round "3.37"]
[White "Chavero, Victor"]
[Black "Leyton Calderon, Jairo Oswaldo"]
[Result "0-1"]
[WhiteElo "1283"]
[BlackElo "1526"]
[PlyCount "74"]

1. d4 Nf6 2. Nf3 d6 3. b3 g6 4. Bb2 Bg7 5. e3 Nbd7 6. Bd3 O-O 7. Nbd2 Re8 8.
O-O e5 9. e4 exd4 10. Bxd4 Nc5 11. e5 Nfd7 12. Re1 Nxd3 13. cxd3 Nxe5 14. Rc1
Bg4 15. Re4 f5 16. Bxe5 fxe4 17. Bxg7 exf3 18. h3 Kxg7 19. hxg4 fxg2 20. Nf3 c6
21. Kxg2 Qf6 22. g5 Qf5 23. Rc4 Re7 24. Kg3 Rf8 25. Qh1 Ref7 26. Re4 Qxf3+ 27.
Qxf3 Rxf3+ 28. Kg4 Rxf2 29. Re7+ R8f7 30. Re6 d5 31. Re3 Rg2+ 32. Kh3 Rxa2 33.
Kg3 Rd2 34. Kh3 d4 35. Rg3 Re7 36. Kh4 Re3 37. Kg4 Rxg3+ 0-1

[Event "Tournoi Skype 028A"]
[Site "Skype"]
[Date "????.??.??"]
[Round "3.38"]
[White "Morelli, Daniel"]
[Black "Asterio Dos Santos, Douglas"]
[Result "1-0"]
[WhiteElo "1370"]
[BlackElo "1503"]
[PlyCount "53"]

1. e4 d6 2. d4 Nd7 3. Nf3 b6 4. Bb5 Bb7 5. Nc3 a6 6. Be2 Ngf6 7. Bg5 b5 8. a3
Rc8 9. b4 e5 10. Bxf6 Qxf6 11. dxe5 dxe5 12. O-O c5 13. Nd5 Bxd5 14. Qxd5 cxb4
15. axb4 Bxb4 16. Qb7 Rxc2 17. Bxb5 Qe7 18. Bxd7+ Qxd7 19. Qxb4 f6 20. Rxa6 Rc8
21. Rfa1 Kf7 22. Qb3+ Kg6 23. Nxe5+ Kh6 24. Nxd7 Rhd8 25. Nb6 Rc7 26. h4 Re8
27. Nd5 1-0

[Event "Tournoi Skype 028A"]
[Site "Skype"]
[Date "????.??.??"]
[Round "3.39"]
[White "Carballo, Jorge"]
[Black "Hurtado De Mendoza, Ramon Miguel"]
[Result "0-1"]
[WhiteElo "1367"]
[BlackElo "1549"]
[PlyCount "54"]

1. e4 d5 2. exd5 c6 3. dxc6 Nxc6 4. Bb5 Qb6 5. Nc3 Nf6 6. Nf3 Bd7 7. d4 a6 8.
Bxc6 Bxc6 9. d5 Rd8 10. Qd4 Qxd4 11. Nxd4 Bxd5 12. Nxd5 Nxd5 13. c3 e6 14. O-O
Be7 15. Re1 O-O 16. Be3 Nxe3 17. Rxe3 Bc5 18. Rd1 Rd5 19. Red3 Rfd8 20. Kf1 e5
21. b4 Bb6 22. Ke2 exd4 23. c4 R5d7 24. c5 Bc7 25. Rc1 Bf4 26. Rc2 Re7+ 27. Kd1
Rde8 0-1

[Event "Tournoi Skype 028A"]
[Site "Skype"]
[Date "????.??.??"]
[Round "3.40"]
[White "Solis, Manuel"]
[Black "Pasasin, Alejandro"]
[Result "0-1"]
[WhiteElo "1481"]
[BlackElo "1329"]
[PlyCount "24"]

1. c4 g6 2. g3 Bg7 3. e4 e5 4. Bg2 Nf6 5. Nc3 O-O 6. Nf3 d6 7. O-O Nc6 8. d3
Bg4 9. a3 Qd7 10. Be3 Nd4 11. Bxd4 exd4 12. Nd2 Bxd1 0-1

[Event "Tournoi Skype 028A"]
[Site "Skype"]
[Date "????.??.??"]
[Round "3.43"]
[White "Le Brun, Yves"]
[Black "Ortiz, Vladimir"]
[Result "0-1"]
[WhiteElo "1338"]
[BlackElo "1419"]
[PlyCount "72"]

1. d4 d5 2. c4 dxc4 3. Qa4+ Bd7 4. Qxc4 e6 5. Nf3 a6 6. e4 Bb5 7. Qc3 Bxf1 8.
Rxf1 Nc6 9. a3 Nf6 10. e5 Nd5 11. Qc2 Rb8 12. Bd2 Be7 13. Nc3 Nxc3 14. Bxc3 Qd7
15. O-O-O Rd8 16. h4 h6 17. Rfe1 Qd5 18. Re3 b5 19. b4 Ra8 20. Kb2 Ra7 21. Qe4
Qxe4 22. Rxe4 O-O 23. Nd2 Rd8 24. Nb3 Rd5 25. g3 g6 26. f4 h5 27. Kc2 Kg7 28.
Na5 Nxa5 29. bxa5 c6 30. Bb4 Kf8 31. Rd3 Rad7 32. Kc3 c5 33. Bxc5 Bxc5 34. dxc5
Rxd3+ 35. Kb4 R3d4+ 36. Rxd4 Rxd4+ 0-1

[Event "Tournoi Skype 028A"]
[Site "Skype"]
[Date "????.??.??"]
[Round "3.44"]
[White "Gokcek, Cagri"]
[Black "Ramirez Reina, Orlando"]
[Result "1-0"]
[WhiteElo "1320"]
[BlackElo "1385"]
[PlyCount "112"]

1. e4 e5 2. Nf3 Nc6 3. Bc4 Bc5 4. c3 Nf6 5. d4 exd4 6. e5 d5 7. exf6 gxf6 8.
Bb3 Qe7+ 9. Qe2 Qxe2+ 10. Kxe2 Be6 11. Ba4 Bd7 12. Re1 O-O-O 13. Kf1 Rhe8 14.
Rxe8 Rxe8 15. Bxc6 Bxc6 16. cxd4 Bb4 17. a3 Ba5 18. b4 Bb6 19. a4 Re4 20. Be3
a5 21. Nc3 Re8 22. b5 Bd7 23. Nxd5 Re6 24. Nd2 Rd6 25. Nxb6+ Rxb6 26. Nc4 Re6
27. Nxa5 b6 28. Nc4 Kb7 29. Rb1 Re4 30. f3 Re7 31. d5 Bf5 32. Rd1 Bc2 33. d6
Rd7 34. Rd4 Bxa4 35. Na5+ bxa5 36. Rxa4 Rxd6 37. Rxa5 Rd1+ 38. Ke2 Rd5 39. f4
f5 40. h3 h5 41. Bf2 c5 42. bxc6+ Kxc6 43. Ra6+ Kb7 44. Rh6 Rb5 45. Rxh5 Rb2+
46. Kf3 Rb3+ 47. Be3 Rb5 48. Rh7 Ka6 49. Rxf7 Ka5 50. h4 Ka4 51. h5 Kb3 52. h6
Kc2 53. h7 Rb8 54. Rxf5 Rh8 55. Rh5 Kd3 56. f5 Kc4 1-0

[Event "Tournoi Skype 028A"]
[Site "Skype"]
[Date "????.??.??"]
[Round "4.1"]
[White "Zendeboodi, Fariba"]
[Black "Benson, Paul"]
[Result "1-0"]
[WhiteElo "1468"]
[BlackElo "1839"]
[PlyCount "59"]

1. d4 f5 2. Bf4 Nf6 3. e3 g6 4. Be2 Bg7 5. Nd2 O-O 6. Ngf3 d6 7. h3 Qe8 8. c3
Kh8 9. g4 Nc6 10. Nh4 e5 11. Bg5 exd4 12. cxd4 Ne4 13. Nxe4 fxe4 14. Ng2 Qf7
15. O-O Be6 16. Nf4 Bxa2 17. d5 Nb4 18. Rxa2 Nxa2 19. Qa4 Nc1 20. Rxc1 h6 21.
Qxe4 Kg8 22. Bh4 Bxb2 23. Rc2 Be5 24. Ne6 Rfc8 25. f4 Bg7 26. Bd3 c6 27. dxc6
bxc6 28. Rxc6 d5 29. Qxd5 Rd8 30. Bxd8 1-0

[Event "Tournoi Skype 028A"]
[Site "Skype"]
[Date "????.??.??"]
[Round "4.2"]
[White "Ricieri, Vinicius"]
[Black "Yeter, Orhan"]
[Result "1/2-1/2"]
[WhiteElo "1781"]
[BlackElo "1245"]
[PlyCount "95"]

1. e4 e5 2. Nf3 Nc6 3. d4 exd4 4. Nxd4 Bc5 5. Be3 Qf6 6. c3 Nge7 7. Bc4 O-O 8.
O-O Ne5 9. Be2 d5 10. Nd2 Qg6 11. f4 Ng4 12. Bxg4 Bxg4 13. f5 Qh5 14. Qe1 dxe4
15. Nxe4 Bxd4 16. Bxd4 Nxf5 17. Ng3 Nxg3 18. Qxg3 c5 19. Be5 Qg6 20. h3 Be6 21.
Qxg6 hxg6 22. Bd6 Rfc8 23. b3 f6 24. Rae1 Kf7 25. Rf2 Rc6 26. Bg3 Rd8 27. Rfe2
Rd3 28. Re3 Rxe3 29. Rxe3 Bf5 30. c4 Re6 31. Rxe6 Kxe6 32. Kf2 Bb1 33. a3 Ba2
34. b4 Bxc4 35. bxc5 Kd5 36. Bd6 g5 37. Bf8 g6 38. Be7 Ke6 39. Bd8 Bb5 40. g4
Kd7 41. Bxf6 Kc6 42. Bxg5 Kxc5 43. Be3+ Kd5 44. Bxa7 Ke4 45. Kg3 Be8 46. Bc5 b5
47. Be7 Bf7 48. Kh4 1/2-1/2

[Event "Tournoi Skype 028A"]
[Site "Skype"]
[Date "????.??.??"]
[Round "4.3"]
[White "Figueroa, Tomas"]
[Black "Sanchez Ruiz, Piedad Esmeralda"]
[Result "1/2-1/2"]
[WhiteElo "2093"]
[BlackElo "1721"]
[PlyCount "36"]

1. e4 c5 2. Nf3 e6 3. b3 Nc6 4. Bb2 d6 5. Bd3 Nf6 6. O-O Be7 7. e5 dxe5 8. Nxe5
Nxe5 9. Bxe5 O-O 10. Re1 Bd7 11. Qf3 Bc6 12. Qh3 h6 13. Re3 Nd5 14. Qg3 Bf6 15.
Rf3 Bxe5 16. Qxe5 Qg5 17. Qxg5 hxg5 18. Be4 Nb4 1/2-1/2

[Event "Tournoi Skype 028A"]
[Site "Skype"]
[Date "????.??.??"]
[Round "4.4"]
[White "Ibarra Cantu, Raul Alberto"]
[Black "Calcino, Luis"]
[Result "0-1"]
[WhiteElo "1967"]
[BlackElo "1706"]
[PlyCount "84"]

1. e4 e5 2. Nf3 Nf6 3. Nxe5 d6 4. Nf3 Nxe4 5. d4 d5 6. Bd3 Bd6 7. O-O O-O 8. c4
c6 9. Nc3 Re8 10. Re1 Nxc3 11. Rxe8+ Qxe8 12. bxc3 h6 13. h3 Nd7 14. Qb3 Nf6
15. Ba3 Bxa3 16. Qxa3 Be6 17. Re1 Qd8 18. c5 Nh5 19. Rb1 Qc8 20. Qb2 Rb8 21.
Kh2 Qc7+ 22. g3 Qc8 23. Ng1 b5 24. cxb6 Rxb6 25. Qc2 Qb8 26. Rxb6 axb6 27. Ne2
Qc8 28. Ng1 c5 29. f4 c4 30. Be2 Bf5 31. Qd1 Nf6 32. g4 Be4 33. Nf3 b5 34. Nd2
g5 35. Qf1 Qc7 36. Kg3 Kg7 37. Qf2 b4 38. cxb4 c3 39. Nb3 Bc2 40. Qe3 gxf4+ 41.
Qxf4 Qxf4+ 42. Kxf4 Bxb3 0-1

[Event "Tournoi Skype 028A"]
[Site "Skype"]
[Date "????.??.??"]
[Round "4.5"]
[White "Deville, Olivier"]
[Black "Lucena Vaz, Jose"]
[Result "1-0"]
[WhiteElo "1823"]
[BlackElo "1674"]
[PlyCount "45"]

1. d4 d6 2. Nf3 Nf6 3. c4 g6 4. Nc3 Bg7 5. g3 O-O 6. Bg2 Nbd7 7. O-O Re8 8. e4
e5 9. b3 exd4 10. Nxd4 Ne5 11. f4 Neg4 12. h3 Nh6 13. g4 Nfxg4 14. hxg4 Nxg4
15. Rf3 Nf6 16. Rd3 Bg4 17. Bf3 h5 18. c5 Nxe4 19. Nxe4 Rxe4 20. Bxg4 Bxd4+ 21.
Rxd4 Rxd4 22. Qxd4 hxg4 23. Bb2 1-0

[Event "Tournoi Skype 028A"]
[Site "Skype"]
[Date "????.??.??"]
[Round "4.6"]
[White "Rico Hernandez, Edgar"]
[Black "Sanchez Ruiz, Justo"]
[Result "0-1"]
[WhiteElo "1772"]
[BlackElo "1547"]
[PlyCount "106"]

1. d4 e6 2. c4 f5 3. Nc3 Nf6 4. Nf3 Be7 5. e3 b6 6. Bd3 Bb7 7. O-O O-O 8. Qc2
Nc6 9. a3 h6 10. b4 Qe8 11. Bb2 Bd8 12. Rad1 Ne7 13. Ne5 d6 14. Nf3 Qh5 15. Be2
Qf7 16. Ne1 Ng6 17. Bf3 Bxf3 18. Nxf3 Nh5 19. Ne2 Nh4 20. Nxh4 Bxh4 21. g3 Be7
22. Rfe1 Bg5 23. Nf4 Nxf4 24. exf4 Bf6 25. Re2 g5 26. fxg5 hxg5 27. Rde1 Rae8
28. f3 Kg7 29. Qa4 c5 30. dxc5 Bxb2 31. Rxb2 bxc5 32. bxc5 dxc5 33. Qc6 Re7 34.
Qxc5 Qf6 35. Rbe2 Rfe8 36. Qd6 Kf7 37. c5 Qc3 38. c6 e5 39. Re3 Qd4 40. Qxd4
exd4 41. Rxe7+ Rxe7 42. Rxe7+ Kxe7 43. Kf2 Kd6 44. Ke2 Kxc6 45. Kd3 Kd5 46. h4
f4 47. hxg5 fxg3 48. Ke2 g2 49. Kf2 d3 50. g6 d2 51. g7 g1=Q+ 52. Kxg1 d1=Q+
53. Kg2 Qc2+ 0-1

[Event "Tournoi Skype 028A"]
[Site "Skype"]
[Date "????.??.??"]
[Round "4.7"]
[White "Trivedi, Viral"]
[Black "Lopez, Jose Luis"]
[Result "0-1"]
[WhiteElo "1230"]
[BlackElo "1757"]
[PlyCount "96"]

1. b3 Nf6 2. Bb2 e6 3. e3 d5 4. Nf3 c5 5. c4 Nc6 6. Be2 Be7 7. O-O O-O 8. d3 b6
9. Nbd2 Bb7 10. h3 Rc8 11. Rc1 Qd6 12. cxd5 exd5 13. d4 cxd4 14. Nxd4 Nxd4 15.
Bxd4 Rxc1 16. Qxc1 Rc8 17. Qb2 Qc6 18. Bd3 Ne8 19. Qb1 h6 20. Bf5 Rc7 21. Nf3
Bf6 22. Be5 Bxe5 23. Nxe5 Qc3 24. Bh7+ Kh8 25. Qf5 Nd6 26. Nxf7+ Rxf7 27. Qc2
Qxc2 28. Bxc2 Rc7 29. Bb1 Ne4 30. Bxe4 dxe4 31. Rd1 Ba6 32. Rd8+ Kh7 33. Rd2
Bd3 34. f3 Rc1+ 35. Kh2 Rc2 36. Rxc2 Bxc2 37. fxe4 Bxe4 38. a3 a5 39. b4 axb4
40. axb4 g5 41. Kg3 Kg6 42. Kf2 h5 43. g3 Kf5 44. h4 gxh4 45. gxh4 Kg4 46. Kg1
Kxh4 47. Kh2 Kg4 48. Kg1 Kg3 0-1

[Event "Tournoi Skype 028A"]
[Site "Skype"]
[Date "????.??.??"]
[Round "4.8"]
[White "Montalvo, Mario"]
[Black "Hahnewald, Uwe"]
[Result "1-0"]
[WhiteElo "1811"]
[BlackElo "1823"]
[PlyCount "47"]

1. d4 Nf6 2. Nc3 d5 3. Bf4 c6 4. f3 Bf5 5. g4 Bg6 6. h4 h6 7. e3 e6 8. h5 Bh7
9. Bd3 Bxd3 10. Qxd3 Bd6 11. Nh3 Qc7 12. O-O-O Nbd7 13. Bxd6 Qxd6 14. e4 dxe4
15. Nxe4 Qc7 16. Qa3 Nxe4 17. fxe4 Nf6 18. e5 Nd5 19. Nf2 b5 20. Ne4 b4 21. Qf3
O-O 22. g5 Qa5 23. gxh6 Qxa2 24. Qg3 1-0